Adios a mis discípulos de segundo año de anatomía descriptiva en el curso académico de 1874 a 1875 (Record no. 40326)

MARC details
000 -LEADER
campo de control de longitud fija 00669nam a2200157 i 4500
001 - NÚMERO DE CONTROL
campo de control 40326
003 - IDENTIFICADOR DE NÚMERO DE CONTROL
campo de control ES-MaACL
005 - FECHA Y HORA DE LA ÚLTIMA TRANSACCIÓN
campo de control 20230906160208.0
007 - CAMPO FIJO DE DESCRIPCIÓN FÍSICA--INFORMACIÓN GENERAL
campo de control de longitud fija t|
008 - DATOS DE LONGITUD FIJA--INFORMACIÓN GENERAL
campo de control de longitud fija 030305s1875 sp ||||1| spa d
100 1# - ENTRADA PRINCIPAL--NOMBRE DE PERSONA
Nombre de persona Carrasco y Potenciano, Juan.
9 (RLIN) 35576
245 10 - MENCIÓN DEL TÍTULO
Título Adios a mis discípulos de segundo año de anatomía descriptiva en el curso académico de 1874 a 1875
Resto del título : memoria... /
Mención de responsabilidad, etc. Juan M. Carrasco y Potenciano.
260 ## - PUBLICACIÓN, DISTRIBUCIÓN, ETC.
Lugar de publicación, distribución, etc. Madrid :
Nombre del editor, distribuidor, etc. [s.n.],
Fecha de publicación, distribución, etc. 1875 (
Fabricante Est. tip. de R. Labajos)
300 ## - DESCRIPCIÓN FÍSICA
Extensión 14 p. ;
Dimensiones 21 cm.
852 ## - LOCALIZACIÓN
Ubicación ES-MaACL
Número de control de estantería T-351-F-12
Nota libre .- Sello de "Los Escolares Médicos"
-- .- Dedicatoria autógrafa del autor a la Sociedad de los Escolares Médicos
Holdings
Estatus retirado Estado de pérdida Estado de daño No para préstamo Colección Biblioteca de origen Biblioteca actual Ubicación en estantería Fecha de adquisición Fuente de adquisición Total de préstamos Signatura topográfica completa Código de barras Visto por última vez Precio de reemplazo Tipo de ítem Koha
        Colección de folletos Biblioteca del Ateneo de Madrid Biblioteca del Ateneo de Madrid Depósito folletos 17/01/2008     T-351-F-12 1042454 23/02/2023 23/02/2023 Folleto